Statystyki dla Nominały polskich banknotów obiegowych według władców

Kliknij tutaj aby rozwiązać quiz!

Ogólne statystyki

  • Ten quiz został rozwiązany 247 razy
  • Średni wynik to 5 z 6

Statystyki odpowiedzi

HintOdpowiedź% Poprawnych
Mieszko I10 zł
93%
Bolesław I Chrobry20 zł
82%
Kazimierz III Wielki50 zł
78%
Władysław II Jagiełło100 zł
75%
Zygmunt I Stary200 zł
71%
Jan III Sobieski500 zł
71%

Rozkład punktacji

Percentyl według liczby udzielonych odpowiedzi

Procent ludzi z każdym wynikiem

Twoja historia wyników

Nie rozwiązałeś tego quizu